00382ntaaa2200145 45000030003000000050017000030080021000200400037000410820017000781000027000952450055001222500033001773000011002106500015002210120251027201607.00714s1973 ag 01  aAR-BaBNbspacAR-BaBNeaacrdRIC a230.0000 T21 aTaylor, John Randolph  aGod Loves Like That! The Theology of James Denney. a1 ed. : bSCM Press, cc/962 a210 p. aTeología